Gironde + Landes = 12 - Statistiques

Statistiques générales
  • Ce quiz a été pris 220 fois
    127 depuis la dernière actualisation
  • Le résultat moyen est 9 sur 12
Statistiques - réponses
Département % Correct
Ain
85%
Gers
83%
Aisne
80%
Gard
77%
Loire
77%
Nord
71%
Indre
67%
Isere
67%
Oise
65%
Orne
64%
Ardennes
61%
Ariège
58%
Aucun quiz correspondant
Distribution des résultats
% des personnes avec chaque résultat
Percentile par nombre de réponses
Votre historique - résultats
Vous n’avez pas pris ce quiz depuis la dernière actualisation